| 000 | 01033nam a22001817a 4500 | ||
|---|---|---|---|
| 003 | CEME | ||
| 005 | 20210628210352.0 | ||
| 008 | 210216b xxu||||| |||| 00| 0 eng d | ||
| 020 | _a969-0-00685-1 | ||
| 040 | _c. | ||
| 082 | _a923.5 ALL | ||
| 100 |
_aAllana, A _979107 |
||
| 245 | _aOur freedom fighters 1562-1947 twenty one great lives | ||
| 260 |
_aRAWALPINDI _bFEROZE SONS _c1996 |
||
| 300 | _a344P | ||
| 650 |
_aBIOGRAPHY-NAWAB BAHADUR YAR JANG BIOGRAPHY-CHOUDHARY RAHMAT ALI BIOGRAPHY-LIAQAT ALI KHAN BIOGRAPHY-MAULANA MUHAMMAD ALI BIOGRAPHY-AGA KHAN BIOGRAPHY-QUAID-E-AZAM BIOGRAPHY-MAULANA HASRAT MOHANI BIOGRAPHY-A.K.FAZAL HAQ BIOGRAPHY-ALLAMA MUHAMMAD IQBAL BIOGRAPHY-MAULANA OBAIDULLAH SINDH BIOGRAPHY-SYED AMEER ALI BIOGRAPHY-NAWAB VIQAR-UL-MULK BIOGRAPHY-JAMALUDDIN AFGHANI BIOGRAPHY-NAWAB MOHSIN-UL-MULK BIOGRAPHY-SIR SYED AHMAD KHAN BIOGRAPHY-TIPU SULTAN BIOGRAPHY-HAIDER ALI BIOGRAPHY-SHAH WALIULLAH BIOGRAPHY-MUJADDID-I-ALF-I-THANI BIOGRAPHY-FREEDOM FIGHTERS FREEDOM FIGHTERS-BIOGRAPHY _979108 |
||
| 942 |
_cBK _2ddc |
||
| 999 |
_c584171 _d584171 |
||